Road Signs of the U.S. by Picture - Sudden Death - Statistics

General Stats
  • This quiz has been taken 43 times
    33 since last reset
  • The average score is 17 of 32
Answers on the Grid
Answers color-coded by a green-red scale on the quiz's grid according to % correct below.
 
Answer Stats
Answer % Correct
72%
72%
72%
72%
67%
61%
61%
61%
61%
61%
56%
56%
56%
56%
56%
56%
56%
56%
56%
50%
50%
44%
44%
44%
44%
39%
39%
39%
39%
39%
33%
28%
No matching quizzes found
Score Distribution
Percent of People with Each Score
Percentile by Number Answered
Your Score History
You have not taken this quiz since the last reset